[Event "17.Seefeld Open 2006"]
[Site "Seefeld/AUT (23.9.-1.10)"]
[Date "2006.09.24"]
[Round "2"]
[White "Fischer, Gerd"]
[Black "Ermel, Dirk"]
[Result "1/2-1/2"]
[WhiteElo "2026"]
[BlackElo "2184"]
[PlyCount "72"]
[EventDate "2006.09.??"]
[EventType "swiss"]
[EventRounds "9"]
[EventCountry "AUT"]

1. Nf3 d5 2. d4 Nf6 3. Bf4 Bf5 4. e3 e6 5. Bd3 Ne4 6. Nbd2 Bb4 7. O-O Nxd2 8.
Nxd2 Bxd3 9. cxd3 g5 10. Bg3 h5 11. f4 Bd6 12. Qf3 f5 13. fxg5 Qxg5 14. Bxd6
cxd6 15. Qf4 Qxf4 16. Rxf4 Nc6 17. a3 Kd7 18. Rc1 Rac8 19. Rff1 Rc7 20. Rc2
Rhc8 21. Rfc1 e5 22. Nf3 a5 23. Kf2 a4 24. Rc3 e4 25. dxe4 dxe4 26. Nd2 d5 27.
b3 axb3 28. Nxb3 Kd6 29. Nc5 b6 30. Na6 Ra7 31. Nb4 Nxb4 32. axb4 Rxc3 33. Rxc3
h4 34. b5 Rc7 35. Rxc7 Kxc7 36. g3 h3 1/2-1/2

[Event "17.Seefeld Open 2006"]
[Site "Seefeld/AUT (23.9.-1.10)"]
[Date "2006.09.24"]
[Round "2"]
[White "Kroencke, Manfred"]
[Black "Stock, Juergen"]
[Result "0-1"]
[WhiteElo "2183"]
[BlackElo "2026"]
[PlyCount "106"]
[EventDate "2006.09.??"]
[EventType "swiss"]
[EventRounds "9"]
[EventCountry "AUT"]

1. e4 e6 2. d4 d5 3. exd5 exd5 4. Qf3 Nc6 5. c3 Nf6 6. h3 Be6 7. Bd3 h6 8. Ne2
Bd6 9. Bf4 Ne7 10. Nd2 Qd7 11. Ng3 O-O-O 12. O-O-O Ne8 13. Bxd6 Nxd6 14. Rde1
Kb8 15. Nh5 Rhg8 16. g4 Nc4 17. Bxc4 dxc4 18. Nf4 c5 19. Nxe6 fxe6 20. Nxc4
cxd4 21. Rd1 Qa4 22. Qf4+ Ka8 23. Rxd4 Rxd4 24. Qxd4 Qxa2 25. Rd1 Nc6 26. Qc5
Qa1+ 27. Kc2 Qa4+ 28. b3 Qa2+ 29. Nb2 Qa5 30. Qxa5 Nxa5 31. Re1 Re8 32. f4 Nc6
33. Nd3 Kb8 34. Nc5 Nd8 35. Kd3 b6 36. Nd7+ Kc7 37. Ne5 Nb7 38. b4 a5 39. Re4
Nd6 40. Rd4 a4 41. c4 a3 42. Kc2 Ra8 43. c5 bxc5 44. bxc5 Nb5 45. Rd7+ Kc8 46.
Rxg7 Nd4+ 47. Kc3 Ra4 48. Nc4 a2 49. Nb6+ Kd8 50. Rg8+ Ke7 51. Nxa4 a1=Q+ 52.
Nb2 Nb5+ 53. Kc2 Qa3 0-1

[Event "17.Seefeld Open 2006"]
[Site "Seefeld/AUT (23.9.-1.10)"]
[Date "2006.09.24"]
[Round "2"]
[White "Keller, Manfred"]
[Black "Babinetz, Rainer"]
[Result "1-0"]
[WhiteElo "2180"]
[BlackElo "1946"]
[PlyCount "95"]
[EventDate "2006.09.??"]
[EventType "swiss"]
[EventRounds "9"]
[EventCountry "AUT"]

1. e4 Nf6 2. e5 Nd5 3. d4 d6 4. c4 Nb6 5. exd6 cxd6 6. Nc3 g6 7. Be3 Bg7 8. Rc1
Nc6 9. b3 O-O 10. d5 Ne5 11. h3 f5 12. f4 Ned7 13. Nf3 Nf6 14. Be2 e6 15. dxe6
Bxe6 16. O-O Re8 17. Re1 Bf7 18. Bd4 h6 19. Nh2 a6 20. Bf3 Qc7 21. Qd2 Nbd7 22.
Nf1 Nc5 23. Ne3 Nce4 24. Bxe4 Nxe4 25. Nxe4 Rxe4 26. Bxg7 Kxg7 27. Nd5 Qc5+ 28.
Kh2 Bxd5 29. cxd5 Qb4 30. Rc7+ Kf8 31. Qxb4 Rxb4 32. Ree7 Re4 33. Rh7 Kg8 34.
Rcg7+ Kf8 35. Rxb7 Kg8 36. Rbg7+ Kf8 37. Rxg6 Rxf4 38. Rxd6 Kg8 39. Rdxh6 Rf2
40. Rh8+ Kg7 41. Rxa8 Kxh6 42. Rxa6+ Kg5 43. Kg3 Rd2 44. h4+ Kh5 45. d6 Rd4 46.
Kf3 Rb4 47. Ra5 Kxh4 48. Ra4 1-0

[Event "17.Seefeld Open 2006"]
[Site "Seefeld/AUT (23.9.-1.10)"]
[Date "2006.09.24"]
[Round "2"]
[White "Maurer, Rainer"]
[Black "Lagrotteria, Salvatore"]
[Result "1/2-1/2"]
[WhiteElo "1916"]
[BlackElo "276"]
[PlyCount "122"]
[EventDate "2006.09.??"]
[EventType "swiss"]
[EventRounds "9"]
[EventCountry "AUT"]

1. d4 d5 2. c4 c6 3. Nf3 Nf6 4. Nc3 a6 5. cxd5 cxd5 6. Qb3 e6 7. Bg5 Be7 8. e3
O-O 9. Bd3 Nc6 10. Rc1 b5 11. Bxf6 gxf6 12. Nxd5 Qa5+ 13. Nc3 Bb7 14. O-O Kh8
15. Ne4 Rg8 16. Kh1 Nb4 17. Bb1 Bd5 18. Qc3 Rac8 19. Nc5 Nc6 20. Qxa5 Nxa5 21.
Nxa6 Rcf8 22. e4 Bc4 23. Rfe1 b4 24. Nc5 e5 25. Nd2 Bb5 26. d5 Rc8 27. Ncb3 Nb7
28. Rxc8 Rxc8 29. Rc1 Rxc1+ 30. Nxc1 Nc5 31. Bc2 Kg7 32. g3 Ba6 33. Kg2 f5 34.
f3 Bg5 35. Ndb3 Na4 36. exf5 Nxb2 37. Nc5 Bc4 38. N1d3 Nxd3 39. Nxd3 Bxd3 40.
Bxd3 Be7 41. h4 h6 42. h5 Bc5 43. Kf1 Kf6 44. Ke2 Ke7 45. Be4 f6 46. Kd3 Kd7
47. Kc4 Bd6 48. Kb5 Kc7 49. Ka6 Bc5 50. g4 Bd6 51. Bc2 Be7 52. Kb5 Bd6 53. Ba4
Kb7 54. Kc4 Kc7 55. Kd3 Be7 56. Ke4 Kd6 57. Bb3 Bd8 58. f4 exf4 59. Kxf4 Be7
60. Ke4 Kc5 61. Kd3 Bd6 1/2-1/2

[Event "17.Seefeld Open 2006"]
[Site "Seefeld/AUT (23.9.-1.10)"]
[Date "2006.09.24"]
[Round "2"]
[White "Schunk, Thomas"]
[Black "Becker, Joerg"]
[Result "1/2-1/2"]
[WhiteElo "2315"]
[BlackElo "1945"]
[PlyCount "86"]
[EventDate "2006.09.??"]
[EventType "swiss"]
[EventRounds "9"]
[EventCountry "AUT"]

1. Nf3 Nf6 2. c4 e6 3. g3 b6 4. Bg2 Bb7 5. O-O d5 6. b3 Be7 7. Bb2 Nbd7 8. Qc2
c5 9. e3 O-O 10. Nc3 a6 11. Rac1 Rc8 12. Ne2 b5 13. Nf4 bxc4 14. bxc4 dxc4 15.
Qxc4 Nd5 16. Rb1 N7b6 17. Qe2 Nxf4 18. exf4 Bd5 19. Rfc1 Bxa2 20. Ra1 Bd5 21.
Rxa6 Ra8 22. Qb5 Rxa6 23. Qxa6 Qa8 24. Qxa8 Rxa8 25. Ne5 Bxg2 26. Kxg2 f6 27.
Nd3 c4 28. Bd4 Rd8 29. Bxb6 Rxd3 30. Be3 Bb4 31. Rxc4 Bxd2 32. Rc8+ Kf7 33.
Rc7+ Kg6 34. Bb6 Rd6 35. Rb7 Rc6 36. h3 h5 37. h4 Bb4 38. Bd4 Bc5 39. Bxc5 Rxc5
40. Re7 Rc6 41. Kf3 Rc3+ 42. Ke4 Rc2 43. Ke3 Rc3+ 1/2-1/2

[Event "17.Seefeld Open 2006"]
[Site "Seefeld/AUT (23.9.-1.10)"]
[Date "2006.09.24"]
[Round "2"]
[White "Hofer, Franz"]
[Black "Meschke, Andreas"]
[Result "1/2-1/2"]
[WhiteElo "2061"]
[BlackElo "2183"]
[PlyCount "69"]
[EventDate "2006.09.??"]
[EventType "swiss"]
[EventRounds "9"]
[EventCountry "AUT"]

1. c4 e5 2. g3 Nf6 3. Bg2 c6 4. d4 e4 5. Nc3 Bb4 6. Bd2 Bxc3 7. Bxc3 d5 8. b3
O-O 9. e3 Bg4 10. Qc2 Re8 11. h3 Bf5 12. g4 Bg6 13. Ne2 Nbd7 14. Nf4 Nf8 15.
Bb4 Rc8 16. Bxf8 Kxf8 17. c5 Qa5+ 18. Qd2 Qd8 19. b4 a5 20. a3 Ra8 21. Qc3 Ra7
22. Kd2 Qc7 23. Rhb1 axb4 24. axb4 Rea8 25. Rxa7 Rxa7 26. Ra1 Qb8 27. Ra5 Qa8
28. Qa3 Rxa5 29. Qxa5 Qxa5 30. bxa5 Ne8 31. Bf1 Nc7 32. Kc3 Ke7 33. Kb4 Na6+
34. Kc3 Nc7 35. Be2 1/2-1/2

[Event "17.Seefeld Open 2006"]
[Site "Seefeld/AUT (23.9.-1.10)"]
[Date "2006.09.24"]
[Round "2"]
[White "Thoeny, Hermann"]
[Black "Platzgummer, Peter"]
[Result "1-0"]
[WhiteElo "2175"]
[BlackElo "1933"]
[PlyCount "67"]
[EventDate "2006.09.??"]
[EventType "swiss"]
[EventRounds "9"]
[EventCountry "AUT"]

1. Nf3 Nf6 2. c4 e6 3. g3 c5 4. Bg2 Na6 5. O-O Nc7 6. Nc3 a6 7. d4 d5 8. b3 b5
9. Qd3 Rb8 10. Rd1 Be7 11. Bf4 dxc4 12. bxc4 Bd7 13. e4 O-O 14. d5 bxc4 15. Qc2
exd5 16. exd5 Qc8 17. d6 Bd8 18. dxc7 Bxc7 19. Bxc7 Qxc7 20. Ng5 Qe5 21. Rd5
Bf5 22. Rxe5 Bxc2 23. Rxc5 Bd3 24. Nd5 Nd7 25. Rc7 Ne5 26. f4 Ng6 27. Ne3 h6
28. Nf3 Rfc8 29. Rxc8+ Rxc8 30. Bf1 Be4 31. Nd2 c3 32. Nxe4 c2 33. Rc1 Re8 34.
Bd3 1-0

[Event "17.Seefeld Open 2006"]
[Site "Seefeld/AUT (23.9.-1.10)"]
[Date "2006.09.24"]
[Round "2"]
[White "Strasser, Josef"]
[Black "Schoetzig, Detlef"]
[Result "0-1"]
[WhiteElo "1917"]
[BlackElo "2124"]
[PlyCount "94"]
[EventDate "2006.09.??"]
[EventType "swiss"]
[EventRounds "9"]
[EventCountry "AUT"]

1. d4 Nf6 2. c4 e5 3. dxe5 Ng4 4. Bf4 Nc6 5. Nf3 Bb4+ 6. Nbd2 Qe7 7. a3 Ngxe5
8. Nxe5 Nxe5 9. e3 Bxd2+ 10. Qxd2 d6 11. Be2 b6 12. O-O Bb7 13. f3 O-O-O 14. e4
f6 15. b4 g5 16. Be3 h5 17. Qc2 f5 18. Bd4 f4 19. c5 dxc5 20. Bxe5 Qxe5 21.
bxc5 Qd4+ 22. Kh1 Qxc5 23. Qxc5 bxc5 24. Rfd1 Rxd1+ 25. Rxd1 Rd8 26. g3 Rxd1+
27. Bxd1 c4 28. gxf4 gxf4 29. Kg2 c3 30. Kh3 Ba6 31. Bc2 Be2 32. Kg2 Kd7 33.
Kf2 Bc4 34. h4 Kd6 35. Ke1 Ke5 36. Kd1 Bf7 37. Kc1 Kd4 38. Bd1 Kd3 39. Bc2+ Ke3
40. Bd1 Kf2 41. Kc2 Kg3 42. Kxc3 Kxh4 43. Be2 Kg3 44. Bf1 h4 45. Kd4 h3 46.
Bxh3 Kxh3 47. e5 Kg3 0-1

[Event "17.Seefeld Open 2006"]
[Site "Seefeld/AUT (23.9.-1.10)"]
[Date "2006.09.24"]
[Round "2"]
[White "Schmidt, Juergen"]
[Black "Noettger, Eckard"]
[Result "1-0"]
[WhiteElo "2122"]
[BlackElo "1783"]
[PlyCount "79"]
[EventDate "2006.09.??"]
[EventType "swiss"]
[EventRounds "9"]
[EventCountry "AUT"]

1. e4 c5 2. Nf3 e6 3. d4 cxd4 4. Nxd4 a6 5. Nc3 Qc7 6. Be2 Nf6 7. O-O b5 8. Bf3
Nc6 9. e5 Ng8 10. Bf4 Bb7 11. Nxc6 Bxc6 12. Ne4 Bxe4 13. Bxe4 Rd8 14. Qf3 Ne7
15. Rfd1 Ng6 16. Bxg6 hxg6 17. Rd2 Be7 18. Rad1 Rh5 19. g4 Rh4 20. Bg3 Rh8 21.
c3 Bh4 22. Bxh4 Rxh4 23. Qf4 f6 24. Qg3 Rh7 25. exf6 Qxg3+ 26. fxg3 gxf6 27.
Rd6 Ra8 28. Rb6 Re7 29. Rdd6 f5 30. gxf5 gxf5 31. Rxa6 Rc8 32. Rab6 Rc5 33.
Rb8+ Kf7 34. Rd8 Rc7 35. a3 e5 36. Rh8 Re6 37. Rh7+ Kf6 38. Rh6+ Ke7 39. Rdxe6+
dxe6 40. Rh7+ 1-0

[Event "17.Seefeld Open 2006"]
[Site "Seefeld/AUT (23.9.-1.10)"]
[Date "2006.09.24"]
[Round "2"]
[White "Werner, Bernd"]
[Black "Kozlov, Alexander"]
[Result "0-1"]
[WhiteElo "1980"]
[BlackElo "2118"]
[PlyCount "102"]
[EventDate "2006.09.??"]
[EventType "swiss"]
[EventRounds "9"]
[EventCountry "AUT"]

1. e4 c5 2. Nf3 e6 3. d4 cxd4 4. c3 dxc3 5. Nxc3 Nc6 6. Bc4 a6 7. Qe2 Qc7 8.
O-O d6 9. Rd1 Be7 10. Be3 Nf6 11. Rac1 O-O 12. Bb3 b5 13. Nd5 Qb7 14. Rxc6 exd5
15. Bxd5 Nxd5 16. exd5 Bg4 17. Rdc1 Rfc8 18. Qc2 Bd7 19. Rxc8+ Rxc8 20. Qd3
Rxc1+ 21. Bxc1 Qc8 22. Be3 Bf5 23. Qd2 Qc2 24. Qxc2 Bxc2 25. Nd2 Bf6 26. Bf4
Be5 27. Bxe5 dxe5 28. f3 f5 29. Kf2 Kf7 30. g3 Ke7 31. f4 Kd6 32. Ke3 Kxd5 33.
fxe5 Kxe5 34. Nf3+ Kd5 35. Nd4 Bb1 36. a3 g5 37. Ne2 Kc4 38. Nc1 h6 39. h3 Be4
40. g4 Bc2 41. Kd2 Bb1 42. b3+ Kc5 43. gxf5 Bxf5 44. Nd3+ Bxd3 45. Kxd3 Kd5 46.
Ke3 h5 47. Kd3 g4 48. hxg4 hxg4 49. Ke3 g3 50. Kf3 Kd4 51. Kxg3 Kc3 0-1

[Event "17.Seefeld Open 2006"]
[Site "Seefeld/AUT (23.9.-1.10)"]
[Date "2006.09.24"]
[Round "2"]
[White "Schueler, Wolfgang"]
[Black "Russ, Colin"]
[Result "1/2-1/2"]
[WhiteElo "2073"]
[BlackElo "1963"]
[PlyCount "94"]
[EventDate "2006.09.??"]
[EventType "swiss"]
[EventRounds "9"]
[EventCountry "AUT"]

1. e4 c6 2. d4 d5 3. exd5 cxd5 4. c4 e6 5. c5 Nf6 6. Nc3 Nc6 7. Nf3 Be7 8. a3
O-O 9. b4 Ne4 10. Qc2 Nxc3 11. Qxc3 a6 12. Be2 Bd7 13. O-O Bf6 14. Bf4 Rc8 15.
a4 Ne7 16. b5 a5 17. Bd6 Re8 18. Bxe7 Bxe7 19. Ne5 Bf6 20. f4 g6 21. b6 Rf8 22.
Bb5 Bxe5 23. fxe5 Bxb5 24. axb5 Qxb6 25. Qd3 Qc7 26. b6 Qc6 27. Rxa5 Ra8 28.
Rfa1 Rxa5 29. Rxa5 Rb8 30. Qf3 Qc8 31. Qf4 Ra8 32. Qd2 Rxa5 33. Qxa5 Qc6 34. g4
Kg7 35. g5 h6 36. gxh6+ Kxh6 37. Qd2+ Kg7 38. Qf2 Qd7 39. h4 Qa4 40. Kh2 Kf8
41. Kg3 Qb3+ 42. Qf3 Qa4 43. Qd3 Qa1 44. Qe3 Qa4 45. Qd2 Qb3+ 46. Kg2 Qa4 47.
Qb2 Qc4 1/2-1/2

[Event "17.Seefeld Open 2006"]
[Site "Seefeld/AUT (23.9.-1.10)"]
[Date "2006.09.24"]
[Round "2"]
[White "Niedergesaess, Herbert"]
[Black "Pieper, Harald"]
[Result "1/2-1/2"]
[WhiteElo "1950"]
[BlackElo "2067"]
[PlyCount "140"]
[EventDate "2006.09.??"]
[EventType "swiss"]
[EventRounds "9"]
[EventCountry "AUT"]

1. c4 e6 2. Nc3 d5 3. d4 Nf6 4. Bg5 Be7 5. e3 h6 6. Bh4 c6 7. Nf3 Nbd7 8. Rc1
O-O 9. Qc2 Re8 10. a3 Nf8 11. Bd3 Bd7 12. O-O Rc8 13. c5 N6h7 14. Bxe7 Rxe7 15.
Ne5 f6 16. Bxh7+ Nxh7 17. Ng6 Re8 18. f4 Nf8 19. Ne2 Nxg6 20. Qxg6 f5 21. Rf3
Rf8 22. Rg3 Qf6 23. Qxf6 Rxf6 24. Nc3 b6 25. Na4 Rb8 26. Rf3 Rff8 27. Rf2 b5
28. Nc3 a5 29. b4 axb4 30. axb4 Ra8 31. Ra2 Rxa2 32. Nxa2 Ra8 33. Nc3 Ra3 34.
Kf2 Rb3 35. Nxb5 cxb5 36. c6 Bc8 37. Ra1 Rc3 38. Ra5 Rxc6 39. Rxb5 Kf7 40. Rb8
Bd7 41. Kf3 Rc8 42. Rb7 Ke7 43. b5 Kd6 44. h3 g6 45. g4 Rc1 46. Rb8 Rc8 47. Rb7
Ke7 48. gxf5 gxf5 49. Kg3 Kd8 50. Kf3 Rc7 51. Rb8+ Bc8 52. Kg3 Rc3 53. Kf3 Kc7
54. Ra8 Rb3 55. Ra5 Bb7 56. Ra1 Rxb5 57. Rg1 Kd6 58. Rg6 h5 59. Rh6 Rb1 60.
Rxh5 Rf1+ 61. Kg2 Ba6 62. Rh7 Re1 63. Kf2 Rf1+ 64. Kg2 Ra1 65. h4 Ra2+ 66. Kg3
Be2 67. h5 Bg4 68. h6 Re2 69. Kh4 Rxe3 70. Ra7 Rh3+ 1/2-1/2

[Event "17.Seefeld Open 2006"]
[Site "Seefeld/AUT (23.9.-1.10)"]
[Date "2006.09.24"]
[Round "2"]
[White "Waibl, Herbert"]
[Black "Buchaeckert, Juergen"]
[Result "1/2-1/2"]
[WhiteElo "2026"]
[BlackElo "1943"]
[PlyCount "28"]
[EventDate "2006.09.??"]
[EventType "swiss"]
[EventRounds "9"]
[EventCountry "AUT"]

1. f4 d5 2. b3 Nf6 3. Nf3 g6 4. Bb2 Bg7 5. e3 O-O 6. Be2 c5 7. O-O Nc6 8. Ne5
Qc7 9. d3 Rd8 10. Nd2 b5 11. Nxc6 Qxc6 12. Bf3 Be6 13. c4 Rab8 14. cxb5 Qxb5
1/2-1/2

[Event "17.Seefeld Open 2006"]
[Site "Seefeld/AUT (23.9.-1.10)"]
[Date "2006.09.24"]
[Round "2"]
[White "Ranker, Klemens"]
[Black "Schulze, Joachim"]
[Result "1/2-1/2"]
[WhiteElo "1936"]
[BlackElo "2010"]
[PlyCount "73"]
[EventDate "2006.09.??"]
[EventType "swiss"]
[EventRounds "9"]
[EventCountry "AUT"]

1. e4 c6 2. d4 d5 3. exd5 cxd5 4. Bd3 Nf6 5. c3 Nc6 6. Nf3 Bg4 7. Bg5 e6 8. O-O
Be7 9. Re1 O-O 10. Nbd2 Rc8 11. Rc1 Qb6 12. Rb1 Rfe8 13. Nf1 Bh5 14. Ng3 Bg6
15. Bxg6 hxg6 16. Qd3 Qc7 17. Re2 Nd7 18. Bxe7 Nxe7 19. Rbe1 Qc4 20. Qb1 Nf5
21. Nxf5 gxf5 22. a3 Qc7 23. Qd3 a6 24. Ne5 Nxe5 25. Rxe5 Qd8 26. Qh3 Qf6 27.
f4 Qh6 28. Qg3 Kh7 29. R1e3 Rh8 30. Qf2 Kg8 31. Rh3 Qg6 32. Ree3 Rxh3 33. Rxh3
Qg4 34. Re3 Rc6 35. h3 Qh5 36. Kh2 Rb6 37. Re1 1/2-1/2

[Event "17.Seefeld Open 2006"]
[Site "Seefeld/AUT (23.9.-1.10)"]
[Date "2006.09.24"]
[Round "2"]
[White "Willin, Bernhard"]
[Black "Samarian, Cornel"]
[Result "1-0"]
[WhiteElo "2009"]
[BlackElo "1937"]
[PlyCount "95"]
[EventDate "2006.09.??"]
[EventType "swiss"]
[EventRounds "9"]
[EventCountry "AUT"]

1. d4 Nf6 2. Nf3 e6 3. e3 d5 4. Bd3 Bb4+ 5. c3 Bd6 6. Nbd2 O-O 7. e4 dxe4 8.
Nxe4 h6 9. Nxd6 cxd6 10. O-O Nc6 11. Re1 Re8 12. Bc2 Ne7 13. Nd2 Bd7 14. Ne4
Nxe4 15. Rxe4 Ng6 16. Qh5 Qf6 17. Bd2 e5 18. dxe5 Rxe5 19. Rxe5 dxe5 20. Be4
Rb8 21. Be3 b6 22. Rd1 Rd8 23. Qe2 Bc8 24. Rd2 Nf8 25. Qd1 Rxd2 26. Qxd2 Qe6
27. b4 Ba6 28. Bd5 Qg6 29. f3 Qb1+ 30. Kf2 Qg6 31. c4 Bc8 32. c5 Qf6 33. a4
Qh4+ 34. Kg1 Qf6 35. c6 Ne6 36. a5 Nd4 37. Bxd4 exd4 38. axb6 axb6 39. g3 Kf8
40. b5 Ke8 41. Kf2 Kd8 42. Qf4 Be6 43. Qd6+ Kc8 44. Bxe6+ Qxe6 45. Qxe6+ fxe6
46. f4 Kc7 47. Kf3 g5 48. Ke4 1-0

[Event "17.Seefeld Open 2006"]
[Site "Seefeld/AUT (23.9.-1.10)"]
[Date "2006.09.24"]
[Round "2"]
[White "Aufmwasser, Guenter"]
[Black "Schett, Franz"]
[Result "0-1"]
[WhiteElo "1909"]
[BlackElo "2004"]
[PlyCount "72"]
[EventDate "2006.09.??"]
[EventType "swiss"]
[EventRounds "9"]
[EventCountry "AUT"]

1. f4 Nf6 2. Nf3 d6 3. e3 Bg4 4. Be2 e6 5. O-O Bxf3 6. Bxf3 d5 7. c4 c6 8. Qb3
Qc7 9. Nc3 Nbd7 10. d4 dxc4 11. Qxc4 Nb6 12. Qd3 Nbd5 13. a3 Rd8 14. e4 Nxf4
15. Qe3 e5 16. dxe5 Ne6 17. b4 Qxe5 18. Bb2 Bd6 19. g3 Qg5 20. Rae1 O-O 21.
Qxg5 Nxg5 22. e5 Nxf3+ 23. Rxf3 Rfe8 24. Ne4 Nxe4 25. exd6 Rxd6 26. Rf4 Rde6
27. Rd1 Nd6 28. Rff1 f6 29. Bc3 Nb5 30. Bb2 b6 31. a4 Nc7 32. Rd4 Nd5 33. b5
Ne3 34. Re1 cxb5 35. axb5 Nf5 36. Rxe6 Rxe6 0-1

[Event "17.Seefeld Open 2006"]
[Site "Seefeld/AUT (23.9.-1.10)"]
[Date "2006.09.24"]
[Round "2"]
[White "Johanssen, Torsten"]
[Black "Kesik, Marco"]
[Result "0-1"]
[WhiteElo "2001"]
[BlackElo "1916"]
[PlyCount "52"]
[EventDate "2006.09.??"]
[EventType "swiss"]
[EventRounds "9"]
[EventCountry "AUT"]

1. c4 Nf6 2. Nc3 g6 3. d4 Bg7 4. e4 O-O 5. Be2 d6 6. Bg5 h6 7. Bf4 Nc6 8. Qd2
g5 9. Be3 e5 10. d5 Ne7 11. h4 gxh4 12. Bxh6 Ng6 13. Bg5 Qe8 14. O-O-O Nh7 15.
Be3 f5 16. exf5 Bxf5 17. Nf3 Bf6 18. Bh6 Rf7 19. Rdg1 Qd7 20. Bd3 Be7 21. Ne4
Nf6 22. Nfg5 Nxe4 23. Bxe4 Bxg5 24. Qxg5 Bxe4 25. Rxh4 Qf5 26. Qg3 Bb1 0-1

[Event "17.Seefeld Open 2006"]
[Site "Seefeld/AUT (23.9.-1.10)"]
[Date "2006.09.24"]
[Round "2"]
[White "Duric, Rajko"]
[Black "Wiesbeck, Florian"]
[Result "1/2-1/2"]
[WhiteElo "1848"]
[BlackElo "1999"]
[PlyCount "122"]
[EventDate "2006.09.??"]
[EventType "swiss"]
[EventRounds "9"]
[EventCountry "AUT"]

1. e4 c5 2. Nc3 e6 3. f4 g6 4. Nf3 Bg7 5. e5 a6 6. Ne4 h6 7. Nxc5 d6 8. exd6
Qxd6 9. d4 Nc6 10. c3 Nf6 11. Ne5 O-O 12. Qf3 Nd5 13. Bc4 Nce7 14. O-O Qc7 15.
Bb3 b6 16. Ncd3 Bb7 17. Qf2 Nf6 18. Bd1 Ne4 19. Qe1 Rfd8 20. Bf3 Nf6 21. Ng4
Nxg4 22. Bxg4 Nd5 23. Ne5 Nf6 24. Bf3 Bd5 25. Ng4 Nxg4 26. Bxg4 Rac8 27. Bf3
Qd6 28. Qf2 b5 29. Bxd5 Qxd5 30. Qf3 Qd6 31. a3 Kh7 32. Be3 Qc7 33. Rad1 Rd5
34. g4 Rcd8 35. Qe4 Qd7 36. Qc2 Rc8 37. h4 Rc6 38. h5 Bf6 39. hxg6+ fxg6 40.
Qh2 Bg7 41. Rd2 Rc8 42. Rdf2 Rf8 43. Qh3 Qf7 44. Qf3 Qd7 45. Qh3 Qf7 46. Rf3
Qd7 47. R1f2 Qf7 48. Qf1 Qd7 49. Qd3 e5 50. f5 Kg8 51. Qe4 exd4 52. Bxd4 Bxd4
53. cxd4 Rxd4 54. Qe6+ Qxe6 55. fxe6 Rxg4+ 56. Kf1 Rxf3 57. Rxf3 Re4 58. Rf6
Kg7 59. Rf7+ Kg8 60. Rf6 Kg7 61. Rf7+ Kg8 1/2-1/2

[Event "17.Seefeld Open 2006"]
[Site "Seefeld/AUT (23.9.-1.10)"]
[Date "2006.09.24"]
[Round "2"]
[White "Meul, Willi"]
[Black "Brett, Digby"]
[Result "1-0"]
[WhiteElo "1998"]
[BlackElo "1855"]
[PlyCount "109"]
[EventDate "2006.09.??"]
[EventType "swiss"]
[EventRounds "9"]
[EventCountry "AUT"]

1. d4 Nf6 2. Nf3 g6 3. Bg5 Bg7 4. Nbd2 O-O 5. e3 d6 6. Bd3 Nbd7 7. O-O Qe8 8.
c3 e5 9. Qc2 Nb6 10. h3 Bd7 11. e4 h6 12. Be3 Qe7 13. a4 a5 14. dxe5 dxe5 15.
Bxb6 cxb6 16. Nc4 Nh5 17. Nxb6 Rad8 18. Nxd7 Rxd7 19. Bb5 Rd6 20. Rad1 Rfd8 21.
Bc4 Qc7 22. Rxd6 Rxd6 23. Bd5 Nf4 24. Rd1 Kf8 25. Qb3 b6 26. Rd2 Bf6 27. Qd1
Qd7 28. Bb3 Rxd2 29. Qxd2 Qxd2 30. Nxd2 Bd8 31. Bc4 Ke7 32. h4 Ne6 33. Bxe6
Kxe6 34. g3 Bc7 35. Kf1 f6 36. g4 g5 37. hxg5 hxg5 38. Nc4 Kd7 39. Ke2 Kc6 40.
Na3 Kc5 41. Kd3 Bd6 42. Nc2 b5 43. b4+ axb4 44. cxb4+ Kc6 45. axb5+ Kxb5 46.
Kc3 Be7 47. Kb3 Bd8 48. Na3+ Kb6 49. Kc4 Kc6 50. Nb5 Bb6 51. f3 Be3 52. Nc3 Bb6
53. Nd5 Bd8 54. b5+ Kb7 55. Kc5 1-0

[Event "17.Seefeld Open 2006"]
[Site "Seefeld/AUT (23.9.-1.10)"]
[Date "2006.09.24"]
[Round "2"]
[White "Andreini, Gigliolu"]
[Black "Scholz, Herbert"]
[Result "0-1"]
[WhiteElo "1660"]
[BlackElo "1991"]
[PlyCount "96"]
[EventDate "2006.09.??"]
[EventType "swiss"]
[EventRounds "9"]
[EventCountry "AUT"]

1. c4 e5 2. Nc3 Nf6 3. g3 Bb4 4. Bg2 O-O 5. e3 Bxc3 6. bxc3 Re8 7. Ne2 Nc6 8.
O-O d6 9. h3 Rb8 10. Ba3 Na5 11. d3 b6 12. Qc2 Bf5 13. e4 Bd7 14. Rab1 c5 15.
Bc1 h6 16. Bd2 Nh7 17. g4 Qh4 18. f4 Nc6 19. Qc1 exf4 20. Bxf4 Ne5 21. Qe3 Qe7
22. Rf2 a6 23. Bf1 b5 24. cxb5 axb5 25. Rg2 g5 26. Bh2 Nf8 27. Ng3 Nfg6 28. Nh5
f6 29. Be2 Rf8 30. Rf1 Rf7 31. Rgf2 Rbf8 32. d4 Nc4 33. Qc1 cxd4 34. cxd4 Qxe4
35. Nxf6+ Rxf6 36. Rxf6 Qxd4+ 37. R6f2 Nf4 38. Bxf4 Rxf4 39. Bxc4+ bxc4 40. Kg2
Bc6+ 41. Kg3 Qd3+ 42. Kh2 Qe4 43. Kg3 Qd3+ 44. Kh2 Qe4 45. Kg3 Rxf2 46. Rxf2
Qe5+ 47. Rf4 gxf4+ 48. Qxf4 c3 0-1

[Event "17.Seefeld Open 2006"]
[Site "Seefeld/AUT (23.9.-1.10)"]
[Date "2006.09.24"]
[Round "2"]
[White "Plock, Christian"]
[Black "Gestrich, Wolfgang"]
[Result "1/2-1/2"]
[WhiteElo "1990"]
[BlackElo "1756"]
[PlyCount "58"]
[EventDate "2006.09.??"]
[EventType "swiss"]
[EventRounds "9"]
[EventCountry "AUT"]

1. e4 e5 2. Nf3 Nf6 3. Nc3 d6 4. Bc4 Be7 5. d3 h6 6. Be3 Ng4 7. Bd2 c6 8. O-O
O-O 9. h3 Nf6 10. d4 exd4 11. Nxd4 b5 12. Bd3 Qc7 13. Qf3 a6 14. Nf5 Bxf5 15.
Qxf5 Qd7 16. Qf3 Re8 17. Rfe1 Bf8 18. Rad1 Qc7 19. Bxh6 gxh6 20. Qxf6 Bg7 21.
Qf4 Re6 22. Qd2 Nd7 23. Re3 Nc5 24. Rg3 Kh8 25. Re1 Nxd3 26. Rxd3 Rae8 27. Nd1
d5 28. c3 Rxe4 29. Rxe4 Rxe4 1/2-1/2

[Event "17.Seefeld Open 2006"]
[Site "Seefeld/AUT (23.9.-1.10)"]
[Date "2006.09.24"]
[Round "2"]
[White "Stojanovic, Milorad"]
[Black "Kreie, Guenter"]
[Result "0-1"]
[WhiteElo "1690"]
[BlackElo "1987"]
[PlyCount "94"]
[EventDate "2006.09.??"]
[EventType "swiss"]
[EventRounds "9"]
[EventCountry "AUT"]

1. e4 c5 2. Nf3 Nc6 3. Bb5 g6 4. c3 Bg7 5. O-O Qb6 6. Na3 Nf6 7. e5 Nd5 8. c4
Ndb4 9. Re1 O-O 10. d3 d6 11. exd6 exd6 12. Nc2 Bg4 13. Nxb4 Nxb4 14. a3 Bxf3
15. gxf3 Nc6 16. Rb1 Nd4 17. b4 Qd8 18. Bf4 a6 19. Ba4 b5 20. Bb3 Qf6 21. Re4
Rfe8 22. Rxd4 cxd4 23. Qd2 Qf5 24. Kg2 Re6 25. c5 d5 26. Bg3 Rf6 27. Bd1 g5 28.
Be2 Rh6 29. Kh1 Be5 30. Rg1 Bxg3 31. fxg3 Re8 32. g4 Qe5 33. Bd1 Qe3 34. Qc2
Rhe6 35. Kg2 Qf4 36. Qf2 Re3 37. Qf1 R8e6 38. h3 Re1 39. Qxe1 Rxe1 40. Rxe1
Qd2+ 41. Kf1 Qxd3+ 42. Kf2 Kg7 43. Be2 Qxa3 44. Rd1 Qxb4 45. Rc1 Qd2 46. Ra1 d3
47. Kg3 dxe2 0-1

[Event "17.Seefeld Open 2006"]
[Site "Seefeld/AUT (23.9.-1.10)"]
[Date "2006.09.24"]
[Round "2"]
[White "Di Lazzaro, Gabriele"]
[Black "Sickinger, Wolfgang"]
[Result "0-1"]
[WhiteElo "1986"]
[BlackElo "1644"]
[PlyCount "84"]
[EventDate "2006.09.??"]
[EventType "swiss"]
[EventRounds "9"]
[EventCountry "AUT"]

1. e4 c5 2. Nf3 Nc6 3. c3 Nf6 4. e5 Nd5 5. d4 cxd4 6. cxd4 d6 7. Be2 dxe5 8.
dxe5 Bf5 9. a3 e6 10. O-O Be7 11. Bb5 Rc8 12. Qa4 O-O 13. Bxc6 Rxc6 14. Qxa7
Qc7 15. Bd2 Bc5 16. Qa4 Bd3 17. Rc1 Bxf2+ 18. Kxf2 Rxc1 19. Bxc1 Qxc1 20. Qd4
Qf1+ 21. Kg3 f5 22. Qg1 f4+ 23. Kh4 Qxg1 24. Nxg1 Ne3 25. Nd2 Nxg2+ 26. Kg4
Ne3+ 27. Kf3 g5 28. Rc1 g4+ 29. Kf2 h5 30. Ne2 Bxe2 31. Kxe2 Nd5 32. a4 Kg7 33.
Kf2 Kg6 34. Rc5 Kf5 35. Nc4 h4 36. a5 g3+ 37. hxg3 hxg3+ 38. Kf3 Rg8 39. Kg2
f3+ 40. Kg1 g2 41. Nd6+ Kxe5 42. Nxb7 f2+ 0-1